| 000 | 01084nam a22003017a 4500 | ||
|---|---|---|---|
| 003 | OSt | ||
| 005 | 20260512102156.0 | ||
| 008 | 260512b |||||||| |||| 00| 0 aze d | ||
| 020 | _a97899525057711 | ||
| 040 |
_aAZ-XaKU _cAZ-XaKU _baze |
||
| 050 | 1 | 4 | _aPN1995 .M8966 .M8695 2015 |
| 100 | 1 |
_emüəllif. _aMükərrəm, Zaur, _cprofessor, _d1938 - 2025 |
|
| 240 | _aFilmin | ||
| 245 | 1 | 0 |
_aFilmin bədii həlli haqqında düşüncələr _c/ Zaur Mükərrəm |
| 264 |
_aBakı: _bŞərq-Qərb Nəşriyyat evi, _c2015 |
||
| 300 |
_a152 səhifə; _c22 sm. |
||
| 336 |
_atext _btxt _2rdacontent |
||
| 337 |
_aunmediated _bn _2rdamedia |
||
| 338 |
_avolume _bnc _2rdacarrier |
||
| 504 | _a Biblioqrafiya: səh.144-145 | ||
| 505 | 0 | _a1 -ci Fəsil. Sacayağın tacı -- 2 -ci Fəsil. bÇərçivə-kompozisiya -- 3 -cü Fəsil. Aydınlatma -- 4 -cü Fəsil. Çəkiliş ölçüləri və tərzləri | |
| 521 | _aÜmumi oxucu kütləsi | ||
| 600 | _2AZ-XaKU | ||
| 650 | 7 |
_2AZ-XaKU _aSənətşünaslıq |
|
| 655 | _aElmi-nəzəri vəsait | ||
| 942 | _cBOOK | ||
| 999 |
_c418 _d418 |
||